ბათუმის შოთა რუსთაველის სახელმწიფო უნივერსიტეტის ბიბლიოთეკა

ნაჯაფი ხელები (ბიბ.ჩანაწერი № 40057)

000 -LEADER
fixed length control field 00627nam a2200217Ia 4500
001 - CONTROL NUMBER
control field 6663
003 - CONTROL NUMBER IDENTIFIER
control field GE_BSU
008 - FIXED-LENGTH DATA ELEMENTS--GENERAL INFORMATION
fixed length control field 181216s||||||||xx |||||||||||||| ||und||
040 ## - CATALOGING SOURCE
Transcribing agency GE_BSU
080 ## - UNIVERSAL DECIMAL CLASSIFICATION NUMBER
Universal Decimal Classification number 821.353.1-4
100 ## - MAIN ENTRY--PERSONAL NAME
Personal name გედენიძე,დუდე
245 ## - TITLE STATEMENT
Title ნაჯაფი ხელები
245 ## - TITLE STATEMENT
Remainder of title ნარკვევები
260 ## - PUBLICATION, DISTRIBUTION, ETC.
Place of publication, distribution, etc. თბილისი
260 ## - PUBLICATION, DISTRIBUTION, ETC.
Name of publisher, distributor, etc. თბ.კპ. ცკ-ის გამ-ბა
260 ## - PUBLICATION, DISTRIBUTION, ETC.
Date of publication, distribution, etc. 1975
300 ## - PHYSICAL DESCRIPTION
Extent 130გვ.17სმ.
653 ## - INDEX TERM--UNCONTROLLED
Uncontrolled term ნარკვევები
653 ## - INDEX TERM--UNCONTROLLED
Uncontrolled term ნაჯაფი ხელები
942 ## - ADDED ENTRY ELEMENTS (KOHA)
Koha item type წიგნი
ეგზემპლარები
Withdrawn status Lost status Damaged status Not for loan Date acquired Barcode Date last seen Price effective from Koha item type
        2018-12-17 14479 2018-12-17 2018-12-17 წიგნი